Мехатронный привод штангового насоса для автоматизированной добычи нефти; Нефтяное хозяйство; № 4

Detalles Bibliográficos
Parent link:Нефтяное хозяйство: научно-технический производственный журнал.— , 1925-1940, 1946-.— 0028-2448
№ 4.— 2004.— С. 90-91
Autor principal: Астанин В. О.
Otros Autores: Усачев А. П., Хомяков В. В.
Lenguaje:ruso
Publicado: 2004
Colección:Нефтепромысловое оборудование
Materias:
Formato: Capítulo de libro
KOHA link:https://koha.lib.tpu.ru/cgi-bin/koha/opac-detail.pl?biblionumber=392508

MARC

LEADER 00000n a2a2200000 4500
001 392508
005 20231101064255.0
035 |a (RuTPU)RU\TPU\prd\27885 
090 |a 392508 
100 |a 20040914a2004 k y0rusy50 ca 
101 0 |a rus 
102 |a RU 
200 1 |a Мехатронный привод штангового насоса для автоматизированной добычи нефти  |f В. О. Астанин, А. П. Усачев, В. В. Хомяков 
225 1 |a Нефтепромысловое оборудование 
320 |a Библиогр.: 3 назв. 
461 1 |0 (RuTPU)RU\TPU\prd\1638  |x 0028-2448  |t Нефтяное хозяйство  |o научно-технический производственный журнал  |d 1925-1940, 1946- 
463 1 |0 (RuTPU)RU\TPU\prd\26603  |t № 4  |v С. 90-91  |d 2004 
610 1 |a нефть 
610 1 |a мехатронный привод 
610 1 |a штанговые насосы 
610 1 |a автоматизация 
610 1 |a станки-качалки 
675 |a 622.276.53.054  |v 3 
700 1 |a Астанин  |b В. О. 
701 1 |a Усачев  |b А. П. 
701 1 |a Хомяков  |b В. В. 
801 1 |a RU  |b 63413507  |c 20040914  |g PSBO 
801 2 |a RU  |b 63413507  |c 20131028  |g RCR 
942 |c BK